| 000 | 00530cam a2200145 4500500 | ||
|---|---|---|---|
| 005 | 20260322013632.0 | ||
| 041 | _afre | ||
| 042 | _adc | ||
| 100 | 1 | 0 |
_aGuidon-Le Brun, Maryvonne _eauthor |
| 245 | 0 | 0 | _aDo I use chemicals? Could this lead to the production of hazardous waste? How do I classify my waste? |
| 260 | _c2026. | ||
| 500 | _a76 | ||
| 786 | 0 | _nEnvironment | - | 2026-03-09 | p. 36-36 | |
| 856 | 4 | 1 | _uhttps://stm.cairn.info/managing-a-classified-facility--bdti22711210-fic0298-page-36?lang=en&redirect-ssocas=7080 |
| 999 |
_c1782393 _d1782393 |
||